Madden NFL 24 Top 50 CBs - Statistics

General Stats
  • This quiz has been taken 345 times
  • The average score is 24 of 50
Answer Stats
Club Overall Player % Correct
Miami Dolphins 97 Jalen Ramsey
98%
Green Bay Packers 95 Jaire Alexander
97%
New York Jets 93 Sauce Gardner
96%
Denver Broncos 94 Patrick Surtain II
95%
Philadelphia Eagles 92 Darius Slay Jr
92%
Dallas Cowboys 87 Trevon Diggs
89%
San Francisco 49ers 87 Charvarius Ward
85%
Cleveland Browns 88 Denzel Ward
85%
Baltimore Ravens 93 Marlon Humphrey
85%
New Orleans Saints 90 Marshon Lattimore
84%
Dallas Cowboys 91 Stephon Gilmore
83%
Buffalo Bills 90 Tre'Davious White
83%
Atlanta Falcons 87 A.J. Terrell Jr
73%
Miami Dolphins 84 Xavien Howard
56%
Philadelphia Eagles 85 James Bradberry IV
52%
New York Giants 81 Adoree' Jackson
51%
Carolina Panthers 80 Donte Jackson
51%
Los Angeles Chargers 82 J.C. Jackson
51%
Kansas City Chiefs 84 L'Jarius Sneed
51%
Seattle Seahawks 83 Tariq Woolen
51%
Chicago Bears 81 Jaylon Johnson
48%
Buffalo Bills 83 Taron Johnson
48%
Washington Commanders 87 Kendall Fuller
46%
Las Vegas Raiders 83 Marcus Peters
46%
Carolina Panthers 83 Jaycee Horn
45%
New England Patriots 83 Jonathan Jones
44%
Pittsburgh Steelers 85 Patrick Peterson
40%
Kansas City Chiefs 80 Trent McDuffie
40%
Seattle Seahawks 78 Devon Witherspoon
39%
New York Jets 83 D.J. Reed Jr
37%
Tampa Bay Buccaneers 85 Jamel Dean
37%
Cleveland Browns 83 Greg Newsome II
35%
Tampa Bay Buccaneers 81 Carlton Davis III
33%
Indianapolis Colts 84 Kenny Moore II
32%
Los Angeles Chargers 80 Michael Davis
32%
Cincinnati Bengals 85 Chidobe Awuzie
31%
Los Angeles Chargers 82 Asante Samuel Jr
28%
Minnesota Vikings 82 Byron Murphy Jr
26%
Green Bay Packers 81 Rasul Douglas
26%
Jacksonville Jaguars 79 Darious Williams
22%
Cincinnati Bengals 82 Mike Hilton
18%
Jacksonville Jaguars 85 Tyson Campbell
18%
Houston Texans 79 Shaquill Griffin
14%
Philadelphia Eagles 79 Avonte Maddox
12%
Pittsburgh Steelers 79 Desmond King II
12%
Las Vegas Raiders 79 Nate Hobbs
12%
New York Jets 78 Bryce Hall
8%
Pittsburgh Steelers 79 Levi Wallace
8%
Carolina Panthers 80 Jeremy Chinn
7%
Philadelphia Eagles 79 Isaiah Rodgers Sr
5%
No matching quizzes found
Score Distribution
Percent of People with Each Score
Percentile by Number Answered
Your Score History
You have not taken this quiz